00843nam a22002417a 450000500170000001000110001702000100002803500110003803700160004904000120006508200160007724500850009324600060017826000940018427000390027830000240031765000320034165000320037370000240040594200250042999900190045495201280047320170124110244.0 a708462 c10.00 a708462 bCen Lib/Ret aDPLbEN a016.61bCHE aA check-list of sanskrit medical manuscripts in India /ccompiled by B. Rama Rao b  aNew Delhi bCentral Council for Research in India Medical medicine and Homoeopathy c1972 bNew Delhi aE-25, Defences colony  avi,101p. c27cm(Hb) aHistory of Medicine 996498 aMedical manuscripts 996499 aRao, B. Rama996500 2ddccENh016.61mCHE c135364d135364 001040718REFaLbLd2015-10-05eCen Lib/Retg10.00l0o016.61 CHEp708462r2015-10-05 00:00:00t1v10.00w2015-10-05yEN